| 000 | 00533cam a2200193 4500 | ||
|---|---|---|---|
| 001 | D2605 | ||
| 008 | 090401t1982 xxu||||| |||| 00| 0 eng d | ||
| 035 | _a(Sirsi) u69856 | ||
| 041 | _aeng | ||
| 050 | _a333.00601 | ||
| 110 |
_aThe Commonwealth Association of Surveying and Land Economy _92577 |
||
| 245 | 3 | _aAn introduction of the work of the Association and the professions ir represents | |
| 250 | _a5th | ||
| 260 |
_aLondon _bCASLE _c1982 |
||
| 300 | _a24p. 15cm x 21cm | ||
| 350 | _a1 | ||
| 942 | _n0 | ||
| 948 | _c04/03/1997 | ||
| 999 |
_c95243 _d95243 |
||